000 00737cam a2200217 a 4500
001 000015779
005 20200929164141.0
008 860312s1973 ve a b 000 0 spa
040 _aDO-SdBNP
_cDLC
_dDLC
043 _as-ve---
082 _a079.87328
_bB845p
100 1 _aBrett Martínez, Alí.
_d1922-1979
_935514
245 1 3 _aEl periodismo y las imprentas de Puerto Cabello, 1806-1945 /
_cAlí Brett Martínez.
260 _aCaracas :
_bArte,
_c1973.
300 _a303 p. :
_bil. ;
_c24 cm.
504 _aIncluye referencias bibliográficas.
650 4 _aPrensa
_zVenezuela
_zPuerto Cabello
_xHistoria
_935515
650 4 _aImprenta
_zVenezuela
_zPuerto Cabello
_xHistoria
_935516
910 _aCatalogación derivada
049 _aBNGR
999 _c15326
_d15326